Normal view
MARC view
- تاليف النجار، فخري خليل
Entry Personal Name
001 - CONTROL NUMBER
- control field: 24301
003 - CONTROL NUMBER IDENTIFIER
- control field: JO-AjAnu
005 - DATE AND TIME OF LATEST TRANSACTION
- control field: 20230606074152.0
008 - FIXED-LENGTH DATA ELEMENTS
- fixed length control field: 230606|| aca||aabn | a|a d
040 ## - CATALOGING SOURCE
- Original cataloging agency: JO-AjAnu
- Transcribing agency: JO-AjAnu
100 ## - HEADING--PERSONAL NAME
- Personal name: تاليف النجار، فخري خليل
670 ## - SOURCE DATA FOUND
- Source citation: Work cat.: (JO-AjAnu)12495: تاليف النجار، فخري خليل, author, اللغة العربية: مهارات لغوية وتذوق الأدب العربي